000 00710nam a22002057a 4500
005 20251108175502.0
008 250721s2016 xx 000 0 ara d
082 1 4 _aط/576.6/سبي
100 1 _aسبيلزبوري، لويز وريتشارد
245 1 0 _aالكائنات الحية الدقيقة /
264 1 _aبيروت :
_bالمكتبة الحديثة ناشرون،
_c2016.
300 _a48ص.
490 0 _aسلسلة علوم الحياة الأساسية
650 1 7 _aالعضويات الدقيقة
650 1 7 _aعلم الحياة
653 _aمرحلة ناشؤون صغار (10-14)سنة
700 1 _aبوجيجي، هبى
_eمترجم
942 _2ddc
_cBK
999 _c135241
_d135241